000 00637nam a2200193 i 4500
001 79699
003 ES-MaACL
005 20230906174031.0
007 t|
008 041022q19801989sp ||||1| spa d
100 1 _aHerrera Pique, Alfredo.
_963238
245 1 3 _aEl Museo Canario
_b: santuario de la prehistoria de Canarias /
_cAlfredo Herrera Piqué, Julio Cuenca Sanabria.
260 _a[Las Palmas] :
_bLa Caja de Canarias,
_c[198-?]
300 _a[8] p. :
_bil. ;
_c30 cm.
500 _aDatos sacados del texto.
610 0 4 _aEl Museo Canario.
_93455
700 1 _aCuenca Sanabria, Julio.
_9153241
852 _aES-MaACL
_j2324-F-12
999 _c79699
_d79699